| 000 | 00666nam a2200241Ia 4500 | ||
|---|---|---|---|
| 003 | OSt | ||
| 005 | 20220918224527.0 | ||
| 006 | a|||||r|||| 00| 0 | ||
| 007 | ta | ||
| 008 | 220917b |||||||| |||| 00| 0 eng d | ||
| 024 | _a229,799 | ||
| 037 | _cTextual | ||
| 040 |
_aARTS _cARTS _beng |
||
| 041 |
_2eng _aeng |
||
| 082 | _aV5(Q6:4198).J<-E, P6 | ||
| 100 |
_aUre John _9148269 |
||
| 245 | 0 |
_aPilgrimage _b the great adventure of the middle ages |
|
| 260 |
_aLondon _bConstable & Robinson Ltd. _c2006 |
||
| 300 |
_axi, 258p. _ccm. |
||
| 650 | _aHISTORY | ||
| 942 |
_hV5(Q6:4198).J<-E, P6 _cTEXL _2CC |
||
| 999 |
_c281524 _d281524 |
||